| 000 | 00543pab a2200169 454500 | ||
|---|---|---|---|
| 008 | 180718b xxu||||| |||| 00| 0 eng d | ||
| 100 | _aThakur, Bimla | ||
| 245 | _aFarm size, returns to scale and disguised unemployment in the low - hill zone subsistence agarian economy of Himachal Pradesh | ||
| 650 | _a Farm Size | ||
| 650 | _a Employment | ||
| 650 | _a Disguised Unemployment | ||
| 650 | _a Agriculture | ||
| 650 | _aUnemployment - India - Himachal Pradesh | ||
| 700 | _aThakur, Dalip S. | ||
| 773 | _aManpower Journal | ||
| 909 | _a24489 | ||
| 999 |
_c24489 _d24489 |
||